000 00714nam a2200289Ia 4500
005 20260324132727.0
008 008 260324s9999 xx 000 0 eng d
020 _a9780429078378
037 _aEBOOK
040 _aCRL
040 _beng
040 _cCRL
041 _2eng
041 _aeng
084 _qCRL
100 _aHarpal S. Mavi; Graeme J. Tupper
_91190394
245 0 _aAgrometeorology
245 0 _bPrinciples and Applications of Climate Studies in Agriculture
260 _bTaylor and Francis
260 _c2004
365 _a
365 _b225
856 _uhttp://www.taylorfrancis.com/books/9780429078378
942 _cEBOOK
999 _c1788742
_d1788742